书目信息 |
| 题名: |
冲膜图册
|
|
| 作者: | 李天佑 主编 | |
| 分册: | ||
| 出版信息: | 北京 机械工业出版社 1988.11 |
|
| 页数: | 106页 | |
| 开本: | 26×38厘米 | |
| 丛书名: | ||
| 单 册: | ||
| 中图分类: | TG385-64 | |
| 科图分类: | ||
| 主题词: | ||
| 电子资源: | ||
| ISBN: | 7-111-00855-3 | |
| 000 | 00511nam0 2200169 450 | |
| 001 | 0100685868 | |
| 005 | 20130419162539.0 | |
| 010 | @a7-111-00855-3@dCNY6.70 | |
| 011 | @a7-111-00855-3 | |
| 100 | @a20021005e19921988em y0chiy0120 ea | |
| 200 | 1 | @a冲膜图册@9Chong Mo Tu Ce @f李天佑主编@b专著 |
| 210 | @a北京@c机械工业出版社@d1988.11@h1992重印 | |
| 215 | @a106页@d26×38厘米 | |
| 690 | @aTG385-64@v1980 | |
| 701 | 0 | @a李天佑@9li tian you@4主编 |
| 801 | 0 | @aCN@bAiZhiMarc@c19911017 |
| 905 | @aBZT@dTG385-64@e1@f1@sTG385-64/1 | |
| 冲膜图册/李天佑主编.-北京:机械工业出版社,1988.11(1992重印) |
| 106页;26×38厘米 |
| ISBN 7-111-00855-3:CNY6.70 |
| ● |
| 相关链接 |
|
|
|
正题名:冲膜图册
索取号:TG385-64/1
 
预约/预借
| 序号 | 登录号 | 条形码 | 馆藏地/架位号 | 状态 | 备注 |
| 1 | 2000034784 | 2000034784 | 旧书回溯/ [索取号:TG385-64/1] | 在馆 |